000 005540000a22001930004500
041 0 _aSPA
082 0 4 _aG 266.0092 H5527d
100 1 _aHermano Andrés
245 1 0 _aEl contrabandista de Dios / Hermano Andrés, Juan Sherrill, Elisabet Sherrill ; María Amalia Porro, Traductora
250 _a2
260 _aMiami, FL. : Vida
300 _a280 Pag
500 _aTítulo original : God's smuggler
001 5454
942 _cBK
999 _c35852
_d35852
336 _atexto
_btxt
_2rdacontent
337 _2rdamedia
_asin mediación
_bn
338 _2rdacarrier
_avolumen
_bnc